000 00243nam a22001217a 4500
008 170306b xxu||||| |||| 00| 0 eng d
041 _aeng
080 _a575
100 _a8
101 _aSHM
245 _aGENOMES
_cBROWN.T.A
942 _2udc
_cBK
999 _c6810
_d6810